000 00274nam a22001217a 4500
008 180803b xxu||||| |||| 00| 0 eng d
082 _a813.52
245 _aOrganic chemystry
_cVINING.W.J
260 _c2001
300 _a1
_fCD
440 _x9780030219696
942 _2ddc
_cMX
999 _c46782
_d46782